La légende doreé
Uloženo v:
| Hlavní autor: | |
|---|---|
| Médium: | Kniha |
| Jazyk: | francouzština |
| Vydáno: |
París
Garnier-Flamarion
1967
|
| Témata: | |
| Tagy: |
Přidat tag
Žádné tagy, Buďte první, kdo vytvoří štítek k tomuto záznamu!
|
MARC
| LEADER | 00000nam a2200000 a 4500 | ||
|---|---|---|---|
| 001 | UCS5214 | ||
| 003 | CL-VaPUC | ||
| 008 | 970830e19670000FR |||||||||||||||||fre|d | ||
| 082 | 0 | 4 | |a 235.2 |b VOR |2 21 |
| 100 | 0 | |a Voragine, Jacques de |e author |9 391064 | |
| 245 | 1 | 3 | |a La légende doreé |
| 300 | |a v | ||
| 942 | |c BK | ||
| 945 | |d 19970830 00:00:00 |a jquezada | ||
| 260 | |a París |b Garnier-Flamarion |c 1967 | ||
| 650 | 7 | |a SANTOS |2 CL-VaPUC |9 313738 | |
| 650 | 0 | |a Personas no religiosas |9 349308 | |
| 650 | 0 | |a Historia |9 255047 | |
| 651 | 0 | |a Francia |9 255157 | |
| 583 | |a last modification |c 19970830 00:00:00 |k Rodrigo Vera | ||
| 999 | |c 261834 |d 261832 | ||
| 952 | |0 0 |1 0 |4 0 |6 235_200000000000000_VOR_1967 |7 0 |8 A |9 289674 |a BIBART |b BIBART |d 2019-11-19 |h v.1 |i 3280047 |l 2 |o 235.2 VOR 1967 |p 3280047 |r 2025-03-13 |s 2022-07-28 |w 2019-11-19 |y BK |k ART | ||
| 952 | |0 0 |1 0 |4 0 |6 235_200000000000000_VOR_1967 |7 0 |8 A |9 289675 |a BIBART |b BIBART |d 2019-11-19 |h v.2 |i 344337K |o 235.2 VOR 1967 |p 344337K |r 2025-03-13 |w 2019-11-19 |y BK |k ART | ||